1996 1629 1175 1678 1682 1283 1406 1986 1961 1544 1853 1006 1404 1740 1628 1306 1350 1950 1292 1526 1224 1310 1520 1851 1406 1045 1485 1257 1121 1595 1141 1372 1837 1018 1949 1103 1352 1803 1710 1353 1047 1374 1449 1420 1628 1320 1916 1262 1013 1882 1824 1135 1399 1047 1591 1224 1799 1170 1230 1820 1606 1629 1833 1274 1170 1809 1140 1170 1882 1648 1618 1111 1472 1665 1872 1561 1624 2000 1080 1302 1428 1245 1054 1107 1633 1409 1629 1668 1802 1803 1818 1151 1554 1898 1423 1886 1310 1420 1546 BCNSPRNW ULIB Ver.6.0+V

เปลี่ยนเป็นภาษาไทย

Change to English
 แสดงรายละเอียดบรรณานุกรม
  กลับหน้าหลัก

Brief Record : Get Marc (ISO 2709) : E-mail record : QR code < ปิดหน้าต่าง
LEADER : 00000nam 2200000uu 4500
001    13399113906
003     ULIB
008    120112s2547||||th 000 0 tha d
020    9749240529
090    ^aนว^bย232 2547
100 0  ^aยาขอบ
240 10 ^a[สามก๊ก]
245 10 ^aจิวยี่ :^bผู้ถ่มน้ำลายรดฟ้า /^cยาขอบ
250    ^aพิมพ์ครั้งที่ 15
260    ^aกรุงเทพฯ :^bดอกหญ้า,^c2547
300    ^a233 หน้า :^bภาพประกอบ ;^c19 ซม.
440  0 ^aสามก๊กฉบับวณิพก
440  0 ^aชุดโครงการอนุรักษ์วรรณกรรมเก่าและหายาก ;^vอันดับที่ 19
650  4 ^aพงศาวดารจีน
650  4 ^aวรรณกรรมกับประวัติศาสตร์^zจีน
650  4 ^aวรรณกรรมจีน
650  4 ^aสามก๊ก^xตัวละครและลักษณะนิสัย
653    ^aจิวยี่
653    ^aOpen Your Eyes Project
945    ^p110^l0^i15402
995    ^aกัณชพร
999 ^a ใช้งานได้ทุกระบบ
รายการนี้ยังไม่มีแท็ก
คุณยังไม่ได้ล็อกอิน คุณสามารถมีกิจกรรมร่วมกับเว็บไซต์ได้ แต่ต้องล็อกอินก่อน ::
  ล็อกอิน

รายการสื่อสารสนเทศ

ลำดับที่ ประเภท เลขเรียก/บาร์โค้ด สถานที่ สถานะ
1. วิทยาศาสตร์การแพทย์ และสุขภาพ
วิทยาศาสตร์การแพทย์ และสุขภาพ
นว ย232 2547  
  Barcode: 15402
ห้องสมุดวิทยาเขตสวรรค์ประชารักษ์
►นวนิยาย
บนชั้น
  ขอยืม

รายการใกล้เคียง
    ผู้แต่ง [ยาขอบ]

    หัวเรื่อง [พงศาวดารจีน]
    หัวเรื่อง [วรรณกรรมจีน]

BibComment


ยังไม่เคยถูกคอมเมนท์

คอมเมนท์ทรัพยากรรายการนี้
  คอมเมนท์: จิวยี่ ผู้ถ่มน้..


 Copyright 2026. Bcnsprnw @Library